000 00577nam a2200241Ia 4500
005 20250425162010.0
008 250425s9999 xx 000 0 und d
020 _a9684220324
041 _aspa
082 _a621.51
100 _aGREENE, RICHARD W.
245 0 _aCOMPRESORES SELECCION USO Y MANTENIMIENTO
250 _a1A ED.
260 _aMEXICO
260 _aMéxico
_bMCGRAW-HILL
_c1989
300 _a292
650 _aCOMPRESORES
650 _aEQUIPO NEUMATICO
650 _aTURBINAS DE VAPOR
650 _aVENTILADORES
942 _c01
010 _a39441
999 _c220371
_d220371